|
|
|
|
| LEADER |
00000nam a2200000 a 4500 |
| 001 |
UCV4501 |
| 003 |
CL-VaPUC |
| 008 |
930825e19600000AG |||||||||||||||||spa|d |
| 082 |
0 |
4 |
|a 530.141
|b KRA
|2 21
|
| 100 |
|
|
|a Kraus, John Daniel
|e author
|9 479682
|
| 245 |
1 |
0 |
|a Electromagnetismo
|
| 300 |
|
|
|a 600 p
|
| 942 |
|
|
|c BK
|
| 945 |
|
|
|d 19930825 00:00:00
|
| 260 |
|
|
|a Buenos Aires
|b El Ateneo
|c 1960
|
| 650 |
|
0 |
|a Teoría electromagnética
|9 260747
|
| 650 |
|
0 |
|a Electromagnetismo
|9 260123
|
| 583 |
|
|
|a last modification
|c 19930825 00:00:00
|k Rodrigo Vera
|
| 999 |
|
|
|c 211301
|d 211299
|
| 952 |
|
|
|0 0
|1 0
|4 0
|6 530_141000000000000_KRA_1960
|7 0
|8 A
|9 190135
|a BIBING
|b BIBING
|d 2019-11-14
|i 2578476
|o 530.141 KRA 1960
|p 2578476
|r 2025-01-20
|w 2019-11-14
|y BK
|k EIE
|